Największe miasta w Bośni i Hercegowinie - Statystyki

Ogólne statystyki
  • Ten quiz został rozwiązany 79 razy
  • Średni wynik to 5 z 15
Statystyki odpowiedzi
LP Liczba ludności Miasta % Poprawnych
1. 275.500 Sarajewo
98%
5. 60.200 Mostar
83%
2. 135.100 Banja Luka
75%
3. 74.500 Tuzla
55%
4. 70.600 Zenica
42%
8. 39.600 Bihać
31%
11. 23.000 Trebinje
25%
7. 39.900 Brczko
20%
10. 24.300 Doboj
18%
9. 28.000 Prijedor
15%
15. 15.300 Travnik
12%
6. 41,100 Bijeljina
11%
14. 15.600 Bugojno
6%
12. 17.000 Sanski Most
6%
13. 16.200 Zivinice
6%
Nie znaleziono quizów pasujących do podanych kryteriów
Rozkład punktacji
Procent ludzi z każdym wynikiem
Percentyl według liczby udzielonych odpowiedzi
Twoja historia wyników
Nie rozwiązałeś tego quizu